Core concepts of management

Wedi'i Gadw mewn:
Manylion Llyfryddiaeth
Prif Awdur: Schermerhorn, John R.
Fformat: Llyfr
Iaith:Undetermined
Cyhoeddwyd: U.S.A. Wiley 2004
Pynciau:
Tagiau: Ychwanegu Tag
Dim Tagiau, Byddwch y cyntaf i dagio'r cofnod hwn!
Thư viện lưu trữ: Trung tâm Học liệu Trường Đại học Cần Thơ
LEADER 00498nam a2200193Ia 4500
001 CTU_94661
008 210402s9999 xx 000 0 und d
020 |c 52.33 
082 |a 658 
082 |b S378 
100 |a Schermerhorn, John R. 
245 0 |a Core concepts of management 
245 0 |c John R. Schermerhorn 
260 |a U.S.A. 
260 |b Wiley 
260 |c 2004 
650 |a Management,Organization 
904 |i Tuyến 
980 |a Trung tâm Học liệu Trường Đại học Cần Thơ